Historia, mila, na desturi za Wagogo wa Tanganyika / (Record no. 13272)
[ view plain ]
| 000 -LEADER | |
|---|---|
| fixed length control field | 00590nam a22001932 4500 |
| 001 - CONTROL NUMBER | |
| control field | 0000009754 |
| 005 - DATE AND TIME OF LATEST TRANSACTION | |
| control field | 20151217155843.0 |
| 008 - FIXED-LENGTH DATA ELEMENTS--GENERAL INFORMATION | |
| fixed length control field | 081126s xx 000 0 eng d |
| 040 ## - CATALOGING SOURCE | |
| Original cataloging agency | KABU |
| Transcribing agency | KABU |
| 100 1# - MAIN ENTRY--PERSONAL NAME | |
| Personal name | Mnyampala, Mathias E. |
| -- | 0000161518 |
| 245 10 - TITLE STATEMENT | |
| Title | Historia, mila, na desturi za Wagogo wa Tanganyika / |
| Statement of responsibility, etc. | Mathias E. Mnyampala. |
| 250 ## - EDITION STATEMENT | |
| Edition statement | 1st ed. |
| 260 ## - PUBLICATION, DISTRIBUTION, ETC. (IMPRINT) | |
| Place of publication, distribution, etc. | Nairobi : |
| Name of publisher, distributor, etc. | Eagle Press, |
| Date of publication, distribution, etc. | 1954. |
| 300 ## - PHYSICAL DESCRIPTION | |
| Extent | 116 p. |
| 650 #0 - SUBJECT ADDED ENTRY--TOPICAL TERM | |
| Topical term or geographic name as entry element | Gogo (African people) |
| -- | 0000161519 |
| 852 1# - LOCATION | |
| -- | p100 KES |
| 908 ## - PUT COMMAND PARAMETER (RLIN) | |
| Put command parameter | 081126 |
| 950 ## - LOCAL HOLDINGS (RLIN) | |
| -- | 1 |
| Withdrawn status | Lost status | Source of classification or shelving scheme | Not for loan | Home library | Current library | Date acquired | Total Checkouts | Full call number | Barcode | Date last seen | Price effective from | Koha item type |
|---|---|---|---|---|---|---|---|---|---|---|---|---|
| Library of Congress Classification | Kabarak, Main Campus | Kabarak, Main Campus | 17/12/2015 | DT443.3 .G64M69 c. 1 | 15610 | 17/12/2015 | 17/12/2015 | Africana Collection |